[Event "IECC M email"]
[Site "IECC email"]
[Date "1998.06.26"]
[Round "?"]
[White "Hopkins, Jay"]
[Black "Lyons, Joseph"]
[Result "0-1"]
[WhiteElo "1000"]
[BlackElo "1000"]
[PlyCount "62"]
[EventDate "1998.??.??"]
[EventType "tourn (corr)"]
[EventRounds "12"]
[SourceTitle "Corr 2008"]
[Source "ChessBase"]
[SourceDate "2008.06.24"]
[SourceVersion "1"]
[SourceVersionDate "2008.06.24"]
[SourceQuality "1"]

1. e4 e5 2. Nc3 Nc6 3. Bc4 Nf6 4. Nf3 h6 5. d4 Bd6 6. Nd5 Nxe4 7. Be3 a6 8. c3 g5 9. g4 b5 10. Bd3 Nf6 11. 0-0 Nxd5 12. Bd2 Nf6 13. Bf5 Rg8 14. Qb3 e4 15. Rae1 Kf8 16. d5 Na5 17. Qc2 exf3 18. b4 Nc4 19. Qd3 Bb7 20. Bc1 Bxd5 21. a3 c6 22. h3 Bb8 23. Qd4 Ba7 24. Qd3 Qc7 25. Be3 Bb8 26. Bc5+ Kg7 27. Re5 Qxe5 28. Bd6 Bxd6 29. Rd1 Rae8 30. Kf1 Qh2 31. Qxf3 Bxf3 0-1